[Event "8th Asian Continental/Individu"]
[Site "Subic Bay Free Port"]
[Date "2009.05.19"]
[Round "7.18"]
[White "Perena, Catherine"]
[Black "Shamima, Akter Liza"]
[Result "0-1"]
[WhiteElo "2184"]
[BlackElo "2125"]
[PlyCount "100"]
[EventDate "2009.05.13"]

1. d4 d5 2. c4 c6 3. Nf3 Nf6 4. e3 Bf5 5. Qb3 Qc7 6. cxd5 Nxd5 7. Bc4 e6 8. O-O
Nd7 9. Nc3 N7f6 10. Re1 Bg6 11. Bd2 Bd6 12. Rac1 a6 13. h3 O-O 14. a4 h6 15. a5
Rad8 16. Red1 Rfe8 17. Na4 Ne4 18. Be1 Bh5 19. g4 Bg6 20. Bd3 f5 21. Nc3 Ndxc3
22. bxc3 fxg4 23. hxg4 Qf7 24. Nh4 Bh7 25. f3 Ng5 26. Bxh7+ Nxh7 27. Qc2 Nf8
28. Qe2 g5 29. Ng2 Ng6 30. Bd2 e5 31. e4 Bc7 32. Be3 Bxa5 33. Kf2 b5 34. Rh1
Kh7 35. Rh3 Bb6 36. Rch1 Rh8 37. dxe5 Bxe3+ 38. Qxe3 Nxe5 39. Qe2 Nxg4+ 40. Kg3
Ne5 41. Ne3 Qf4+ 42. Kf2 Kg6 43. Qa2 Ng4+ 44. Nxg4 Rd2+ 45. Qxd2 Qxd2+ 46. Kf1
Qxc3 47. Rxh6+ Rxh6 48. Rxh6+ Kg7 49. Kg2 b4 50. e5 Qd4 0-1

[Event "8th Asian Continental/Individu"]
[Site "Subic Bay Free Port"]
[Date "2009.05.19"]
[Round "7.19"]
[White "Jose, Rulp Ylem"]
[Black "Li, Panru"]
[Result "1-0"]
[WhiteElo "2054"]
[BlackElo "2146"]
[PlyCount "77"]
[EventDate "2009.05.13"]

1. e4 e6 2. Qe2 c5 3. Nf3 Nc6 4. g3 g6 5. Bg2 Bg7 6. O-O Nge7 7. d3 d6 8. c3
O-O 9. Nh4 e5 10. f4 f5 11. Na3 Be6 12. Be3 exf4 13. gxf4 Re8 14. Nf3 h6 15. e5
Nd5 16. Nb5 dxe5 17. fxe5 Nxe5 18. Nxe5 Bxe5 19. Bxc5 Bf7 20. Qf2 Nf4 21. Bd4
Nxd3 22. Qd2 Bxd4+ 23. Nxd4 Ne5 24. Qxh6 Qb6 25. Qg5 Kf8 26. Qh6+ Kg8 27. Qg5
Kf8 28. Qh6+ Kg8 29. Qg5 Kh7 30. Rf4 Qd8 31. Rh4+ Kg8 32. Qh6 Qf6 33. Nxf5 Re6
34. Qh7+ Kf8 35. Qh8+ Bg8 36. Nd4 Qxh8 37. Nxe6+ Ke7 38. Rxh8 Kxe6 39. Rd1 1-0

[Event "8th Asian Continental/Individu"]
[Site "Subic Bay Free Port"]
[Date "2009.05.19"]
[Round "7.20"]
[White "Sun, Fanghui"]
[Black "Salvador, Aices"]
[Result "1-0"]
[WhiteElo "2146"]
[BlackElo "2040"]
[PlyCount "57"]
[EventDate "2009.05.13"]

1. e4 e6 2. d4 d5 3. Nc3 Nf6 4. Bg5 Be7 5. e5 Nfd7 6. Bxe7 Qxe7 7. f4 a6 8. Nf3
c5 9. Qd2 Nc6 10. dxc5 Nxc5 11. O-O-O Bd7 12. Bd3 b5 13. Ne2 Nb4 14. Kb1 a5 15.
Ned4 O-O 16. g4 Nbxd3 17. cxd3 f6 18. Rhf1 Be8 19. Rde1 f5 20. gxf5 exf5 21.
Rg1 b4 22. Rg5 h6 23. Rg3 Bh5 24. Reg1 Rf7 25. Qg2 Bxf3 26. Qxf3 Rd8 27. Nxf5
Qe6 28. Nxg7 Qa6 29. Ne6+ 1-0

[Event "8th Asian Continental/Individu"]
[Site "Subic Bay Free Port"]
[Date "2009.05.19"]
[Round "7.22"]
[White "Khademalsharieh, Sarasadat"]
[Black "Mendoza, Beverly"]
[Result "0-1"]
[WhiteElo "1806"]
[BlackElo "2045"]
[PlyCount "70"]
[EventDate "2009.05.13"]

1. d4 f5 2. c4 Nf6 3. Nf3 g6 4. g3 Bg7 5. Bg2 O-O 6. Nc3 d6 7. O-O Nc6 8. d5
Ne5 9. Nxe5 dxe5 10. b3 f4 11. Bb2 Bf5 12. Qd2 Qd7 13. Na4 Nh5 14. Nc5 Qd6 15.
Nxb7 Qb6 16. Na5 fxg3 17. hxg3 Nxg3 18. c5 Nxf1 19. Qc3 Qf6 20. Rxf1 Qg5 21. d6
exd6 22. Qc4+ Kh8 23. Bc1 Qf6 24. Bxa8 Rxa8 25. Qd5 Rf8 26. cxd6 cxd6 27. Qg2
Qh4 28. Bg5 Qh5 29. Re1 Bh3 30. Qg3 Rf5 31. Bh4 Rf4 32. Qxh3 Rg4+ 33. Kf1 h6
34. f3 Rxh4 35. Qg3 Rh3 0-1

[Event "8th Asian Continental/Individu"]
[Site "Subic Bay Free Port"]
[Date "2009.05.20"]
[Round "8.1"]
[White "Ju, Wenjun"]
[Black "Ding, Yixin"]
[Result "1/2-1/2"]
[WhiteElo "2454"]
[BlackElo "2281"]
[PlyCount "52"]
[EventDate "2009.05.13"]

1. d4 d5 2. c4 dxc4 3. e4 e5 4. Nf3 exd4 5. Bxc4 Bb4+ 6. Nbd2 Nc6 7. O-O Nf6 8.
e5 Nd5 9. Nb3 Nb6 10. Bb5 Qd5 11. Nfxd4 O-O 12. Bxc6 bxc6 13. Qf3 Qxf3 14. Nxf3
Be6 15. Bd2 Bxd2 16. Nfxd2 Na4 17. Rfc1 Nxb2 18. Rxc6 Nd3 19. Rxc7 Nxe5 20. Nd4
Rfd8 21. Nxe6 Rxd2 22. Ng5 h6 23. Ne4 Re2 24. Ng3 Rd2 25. Ne4 Re2 26. Ng3 Rd2
1/2-1/2

[Event "8th Asian Continental/Individu"]
[Site "Subic Bay Free Port"]
[Date "2009.05.20"]
[Round "8.2"]
[White "Zhang, Xiaowen"]
[Black "Hoang, Thi Bao Tram"]
[Result "1-0"]
[WhiteElo "2340"]
[BlackElo "2239"]
[PlyCount "103"]
[EventDate "2009.05.13"]

1. e4 c6 2. d4 d5 3. Nd2 dxe4 4. Nxe4 Bf5 5. Ng3 Bg6 6. h4 h6 7. Nf3 Nd7 8. h5
Bh7 9. Bd3 Bxd3 10. Qxd3 e6 11. Bd2 Ngf6 12. O-O-O Be7 13. Ne4 Nxe4 14. Qxe4
Nf6 15. Qe2 Qd5 16. c4 Qe4 17. Qxe4 Nxe4 18. Be3 O-O 19. Ne5 Rfd8 20. g4 c5 21.
Kc2 cxd4 22. Rxd4 Rxd4 23. Bxd4 a6 24. Re1 Nf6 25. f3 Rc8 26. Kd3 Rd8 27. Ke3
Nd7 28. Nd3 Rc8 29. Rc1 f6 30. Ke4 e5 31. Be3 Kf7 32. b4 Nf8 33. c5 Ne6 34. Nb2
Rd8 35. Rd1 Rxd1 36. Nxd1 Nc7 37. a4 Ke6 38. Nc3 Bf8 39. f4 Be7 40. f5+ Kd7 41.
Kd3 Bd8 42. Kc4 Ne8 43. Ne4 Bc7 44. Bd2 Bd8 45. b5 axb5+ 46. axb5 Kc8 47. b6
Kd7 48. Kd5 Be7 49. Be3 Bf8 50. Nd2 Be7 51. Nc4 Bd8 52. Na5 1-0

[Event "8th Asian Continental/Individu"]
[Site "Subic Bay Free Port"]
[Date "2009.05.20"]
[Round "8.4"]
[White "Karavade, Eesha"]
[Black "Munguntuul, Batkhuyag"]
[Result "1/2-1/2"]
[WhiteElo "2359"]
[BlackElo "2440"]
[PlyCount "65"]
[EventDate "2009.05.13"]

1. d4 Nf6 2. c4 g6 3. Nc3 Bg7 4. e4 d6 5. Nf3 O-O 6. Be2 e5 7. Be3 Ng4 8. Bg5
f6 9. Bh4 g5 10. Bg3 Nh6 11. d5 Nd7 12. Nd2 f5 13. exf5 Nf6 14. Nde4 Nxe4 15.
Nxe4 Bxf5 16. Bd3 g4 17. O-O Bxe4 18. Bxe4 Qg5 19. Qd3 Nf5 20. Rae1 h5 21. f4
gxf3 22. Rxf3 Nd4 23. Rxf8+ Rxf8 24. Bf2 Kh8 25. b3 Qf4 26. Rf1 Qg4 27. Re1 Qf4
28. Be3 Qh4 29. Rd1 Qg4 30. Re1 Qh4 31. Rd1 Qg4 32. Re1 Qh4 33. Rd1 1/2-1/2

[Event "8th Asian Continental/Individu"]
[Site "Subic Bay Free Port"]
[Date "2009.05.20"]
[Round "8.5"]
[White "Tania, Sachdev"]
[Black "Gu, Xiaobing"]
[Result "0-1"]
[WhiteElo "2423"]
[BlackElo "2336"]
[PlyCount "92"]
[EventDate "2009.05.13"]

1. d4 Nf6 2. c4 g6 3. Nc3 Bg7 4. e4 d6 5. Be2 O-O 6. Nf3 e5 7. Be3 Na6 8. O-O
c6 9. d5 Ng4 10. Bg5 f6 11. Bh4 c5 12. Ne1 Nh6 13. f3 Nf7 14. Nd3 Bh6 15. Rb1
Be3+ 16. Kh1 Nc7 17. b4 cxb4 18. Nxb4 Bc5 19. Na4 Bxb4 20. Rxb4 Na6 21. Rb1 Kg7
22. Nb2 Qa5 23. a4 f5 24. Be1 Qc7 25. exf5 Bxf5 26. Ra1 b6 27. a5 Nc5 28. Na4
Bd7 29. Nxc5 bxc5 30. Bc3 Kg8 31. Qd2 Bf5 32. Rae1 Qd8 33. Bb2 Rb8 34. g3 Rb3
35. Bc3 Ng5 36. Bd1 Rb7 37. g4 Bc8 38. h4 Nh3 39. Qh6 Rbf7 40. Kg2 Nf4+ 41. Kg3
Qd7 42. Qg5 Rf5 43. Ba4 Qxa4 44. gxf5 Qc2 45. Rf2 Qxc3 46. Rh1 Rxf5 0-1

[Event "8th Asian Continental/Individu"]
[Site "Subic Bay Free Port"]
[Date "2009.05.20"]
[Round "8.6"]
[White "Sukandar, Irine Kharisma"]
[Black "Huang, Qian"]
[Result "0-1"]
[WhiteElo "2300"]
[BlackElo "2410"]
[PlyCount "156"]
[EventDate "2009.05.13"]

1. e4 c5 2. Nf3 d6 3. d4 cxd4 4. Nxd4 Nf6 5. Nc3 a6 6. Be2 e5 7. Nb3 Be7 8. O-O
O-O 9. Be3 Be6 10. Qd2 Nbd7 11. a4 Rc8 12. a5 Qc7 13. Rfd1 Rfd8 14. Qe1 Qc6 15.
Bf3 Qc7 16. Be2 Qc6 17. Bf3 Qc7 18. Nc1 h6 19. Nd3 Re8 20. h3 Qb8 21. Nb4 Rc4
22. Ncd5 Nxd5 23. exd5 Bf5 24. b3 Rcc8 25. c4 Nc5 26. Bxc5 dxc5 27. Na2 e4 28.
Bg4 Bxg4 29. hxg4 Bf6 30. Nc3 Bd4 31. Rxd4 cxd4 32. Nxe4 b5 33. axb6 Qxb6 34.
Qb1 Rb8 35. Qd3 Qxb3 36. Qxd4 Qc2 37. Nd6 Re2 38. Nf5 Qb2 39. Rd1 g6 40. Nxh6+
Kf8 41. Qf4 Rb7 42. g5 Qe5 43. Qxe5 Rxe5 44. Ng4 Rxg5 45. Ne3 Rc7 46. Ra1 Re5
47. Ra4 a5 48. Kf1 Rc5 49. Ke2 Ke7 50. Kd3 Kd6 51. Kd4 f5 52. f3 Re8 53. g3 Rb8
54. g4 fxg4 55. Nxg4 Rb4 56. Rxb4 axb4 57. Ne5 b3 58. Nd3 Rc8 59. c5+ Ke7 60.
Kc3 Rb8 61. Kb2 Rb5 62. Kc3 b2 63. Nxb2 Rxc5+ 64. Kd4 Rc1 65. Nc4 g5 66. Ne3
Re1 67. Nf5+ Kf6 68. Ne3 Ra1 69. Nc4 Kf5 70. Kc5 Rc1 71. Kb5 Rc3 72. d6 Rxf3
73. d7 Rd3 74. Nb6 Ke6 75. Na4 Ke7 76. Nc5 Rd4 77. Kc6 g4 78. Kc7 g3 0-1

[Event "8th Asian Continental/Individu"]
[Site "Subic Bay Free Port"]
[Date "2009.05.20"]
[Round "8.8"]
[White "Nguyen, Thi Thanh An"]
[Black "Ghader Pour, Shayesteh"]
[Result "1-0"]
[WhiteElo "2324"]
[BlackElo "2156"]
[PlyCount "78"]
[EventDate "2009.05.13"]

1. Nf3 Nf6 2. c4 e6 3. Nc3 Bb4 4. Qc2 O-O 5. a3 Bxc3 6. Qxc3 d5 7. e3 Nbd7 8.
Be2 c5 9. b3 e5 10. cxd5 e4 11. Ng1 Nxd5 12. Qc4 Qf6 13. Rb1 Qe6 14. Nh3 N7b6
15. Qxc5 Qg6 16. Bb2 Be6 17. Qd6 Rac8 18. Qg3 Qxg3 19. hxg3 h6 20. Bd4 f5 21.
Nf4 Nxf4 22. gxf4 Rc6 23. f3 Rd8 24. fxe4 fxe4 25. Rh5 Nd5 26. g3 a6 27. Re5
Bf7 28. Bd1 Re8 29. Rxe8+ Bxe8 30. b4 b5 31. a4 Nb6 32. axb5 axb5 33. Ra1 Nc4
34. Ra8 Kf8 35. Bg4 Kf7 36. Bf5 Nb6 37. Ra7+ Kf8 38. Bxg7+ Kg8 39. Bc3 Na4 1-0

[Event "8th Asian Continental/Individu"]
[Site "Subic Bay Free Port"]
[Date "2009.05.20"]
[Round "8.9"]
[White "Mohota, Nisha"]
[Black "Muminova, Nafisa"]
[Result "1/2-1/2"]
[WhiteElo "2304"]
[BlackElo "2212"]
[PlyCount "79"]
[EventDate "2009.05.13"]

1. d4 Nf6 2. c4 e6 3. Nc3 c5 4. d5 exd5 5. cxd5 d6 6. e4 g6 7. h3 Bg7 8. Nf3
O-O 9. Bd3 b5 10. Nxb5 Re8 11. O-O Nxe4 12. Re1 a6 13. Na3 Nf6 14. Rxe8+ Nxe8
15. Bg5 Qc7 16. Qa4 Nd7 17. Re1 Nef6 18. Qc6 Qb8 19. Nc4 Bb7 20. Qxd6 Qxd6 21.
Nxd6 Bxd5 22. b3 a5 23. Nb5 Bxf3 24. gxf3 a4 25. Nd6 axb3 26. axb3 h6 27. Be3
Bf8 28. Ne4 Ra3 29. Nxf6+ Nxf6 30. Bc4 Nd7 31. Rd1 Nb6 32. Rd8 Ra8 33. Rxa8
Nxa8 34. Kf1 Nb6 35. Ba6 Nd5 36. Bd2 g5 37. Bb7 Nf4 38. h4 f6 39. Bxf4 gxf4 40.
h5 1/2-1/2

[Event "8th Asian Continental/Individu"]
[Site "Subic Bay Free Port"]
[Date "2009.05.20"]
[Round "8.10"]
[White "Xu, Huahua"]
[Black "Meenakshi, Subbaraman"]
[Result "0-1"]
[WhiteElo "2093"]
[BlackElo "2303"]
[PlyCount "62"]
[EventDate "2009.05.13"]

1. e4 d6 2. d4 Nf6 3. Nc3 g6 4. Bg5 h6 5. Bh4 Bg7 6. e5 Nfd7 7. exd6 cxd6 8.
Qd2 Qa5 9. O-O-O d5 10. Bb5 Nc6 11. Nf3 e6 12. g4 a6 13. Bf1 b5 14. Kb1 b4 15.
Ne2 Qb6 16. Bg3 a5 17. g5 h5 18. h4 Ba6 19. Nf4 Bxf1 20. Rhxf1 O-O 21. Rfe1 a4
22. Ne2 Rfc8 23. Nc1 Na5 24. Ne5 Nxe5 25. Bxe5 b3 26. cxb3 axb3 27. a3 Bxe5 28.
dxe5 Rc2 29. Qb4 Qxb4 30. axb4 Nc4 31. Re2 Rxb2+ 0-1

[Event "8th Asian Continental/Individu"]
[Site "Subic Bay Free Port"]
[Date "2009.05.20"]
[Round "8.11"]
[White "Tay, Li-Jin Jeslin"]
[Black "Le, Thi Phuong Lien"]
[Result "1-0"]
[WhiteElo "2068"]
[BlackElo "2216"]
[PlyCount "69"]
[EventDate "2009.05.13"]

1. d4 d5 2. c4 e6 3. Nf3 c6 4. Qc2 Nf6 5. Bg5 Nbd7 6. e3 Qa5+ 7. Nbd2 Ne4 8.
Bf4 Bb4 9. a3 O-O 10. Rd1 Bxd2+ 11. Nxd2 Ndf6 12. Bd3 Nxd2 13. Rxd2 dxc4 14.
Bxc4 Rd8 15. O-O c5 16. Bd3 Rd5 17. Be5 Ng4 18. Bxh7+ Kh8 19. Be4 cxd4 20. exd4
Rd7 21. Rfd1 f5 22. Bf3 Nxe5 23. dxe5 Qxe5 24. g3 Rc7 25. Qa4 Qf6 26. Rd8+ Kh7
27. Qe8 g6 28. h4 Kh6 29. Kg2 Rb8 30. Qa4 Kh7 31. Qxa7 Qxb2 32. Qxb8 Rc2 33.
Rf1 e5 34. Rxc8 e4 35. Bd1 1-0

[Event "8th Asian Continental/Individu"]
[Site "Subic Bay Free Port"]
[Date "2009.05.20"]
[Round "8.12"]
[White "Nguyen, Thi Mai Hung"]
[Black "Pourkashiyan, Atousa"]
[Result "0-1"]
[WhiteElo "2295"]
[BlackElo "2273"]
[PlyCount "86"]
[EventDate "2009.05.13"]

1. d4 Nf6 2. c4 e6 3. Nf3 b6 4. Bg5 Bb7 5. e3 Be7 6. Nc3 O-O 7. Bd3 c5 8. O-O
d5 9. Qe2 Nbd7 10. Rfd1 a6 11. Ne5 Nxe5 12. dxe5 Nd7 13. Bxe7 Qxe7 14. f4 dxc4
15. Bxc4 b5 16. Bb3 f6 17. Qd3 Rad8 18. Qd6 Qxd6 19. Rxd6 c4 20. Rad1 cxb3 21.
Rxd7 Rxd7 22. Rxd7 Bc8 23. Rd4 fxe5 24. fxe5 bxa2 25. Nxa2 a5 26. Nc1 Bb7 27.
Nb3 a4 28. Nd2 Bd5 29. e4 Ba2 30. Nf1 Rc8 31. Ne3 Rc1+ 32. Kf2 Rb1 33. Rd2 Bb3
34. Ke2 b4 35. Nc2 Rxb2 36. Nd4 Bc4+ 37. Ke3 a3 38. Rd1 a2 39. Nc6 Rb3+ 40. Kf4
Rd3 41. Rc1 b3 42. Nb4 b2 43. Rxc4 a1=Q 0-1

[Event "8th Asian Continental/Individu"]
[Site "Subic Bay Free Port"]
[Date "2009.05.20"]
[Round "8.13"]
[White "Xu, Tong"]
[Black "Le, Kieu Thien Kim"]
[Result "1-0"]
[WhiteElo "2231"]
[BlackElo "2277"]
[PlyCount "81"]
[EventDate "2009.05.13"]

1. e4 c6 2. d4 d5 3. exd5 cxd5 4. Bd3 Nc6 5. c3 Nf6 6. h3 e6 7. Nf3 Bd6 8. O-O
O-O 9. Re1 Qc7 10. Bg5 Nd7 11. Bc2 Re8 12. Qd3 Nf8 13. Nbd2 h6 14. Be3 f5 15.
Nf1 Bd7 16. Bd2 Re7 17. Ne3 Be8 18. Qf1 Bh5 19. Nh4 f4 20. Ng4 Nxd4 21. cxd4
Qxc2 22. Bc3 Bxg4 23. hxg4 Nd7 24. Rac1 Qh7 25. Qb5 Nf6 26. Bb4 Bxb4 27. Qxb4
Rd7 28. Rxe6 Qd3 29. f3 Ne4 30. Qe1 Ng3 31. Rd1 Qc2 32. Ng6 Rf7 33. Kh2 Kh7 34.
Nxf4 Rxf4 35. Kxg3 Raf8 36. Re7 Qxb2 37. Qa5 R4f6 38. g5 Rg6 39. Rh1 Kg8 40.
Qxd5+ Kh7 41. Qe4 1-0

[Event "8th Asian Continental/Individu"]
[Site "Subic Bay Free Port"]
[Date "2009.05.20"]
[Round "8.14"]
[White "Nadig, Kruttika"]
[Black "Sun, Fanghui"]
[Result "1/2-1/2"]
[WhiteElo "2361"]
[BlackElo "2146"]
[PlyCount "81"]
[EventDate "2009.05.13"]

1. e4 c5 2. Nf3 d6 3. d4 cxd4 4. Nxd4 Nf6 5. Nc3 a6 6. Be3 e6 7. f3 b5 8. Qd2
Nbd7 9. g4 Nb6 10. g5 Nfd7 11. Bd3 Bb7 12. O-O Be7 13. f4 O-O 14. f5 e5 15. Nf3
b4 16. Ne2 d5 17. exd5 Nxd5 18. f6 gxf6 19. gxf6 Bxf6 20. Bf2 Bg7 21. Nh4 Nf4
22. Nxf4 Qg5+ 23. Bg3 exf4 24. Rxf4 Qd5 25. Nf3 Rae8 26. Rd1 Ne5 27. Bxh7+ Kxh7
28. Qxd5 Nxf3+ 29. Rxf3 Bxd5 30. Rxd5 Bxb2 31. Rf4 Bc3 32. Rd6 Re2 33. Rh4+ Kg7
34. Bf4 Rfe8 35. Rg4+ Kf8 36. Bh6+ Ke7 37. Rxa6 Rd8 38. Ra7+ Ke6 39. Ra6+ Ke7
40. Ra7+ Ke6 41. Ra6+ 1/2-1/2

[Event "8th Asian Continental/Individu"]
[Site "Subic Bay Free Port"]
[Date "2009.05.20"]
[Round "8.16"]
[White "Camacho, Chardine Cheradee"]
[Black "Jose, Rulp Ylem"]
[Result "1-0"]
[WhiteElo "2166"]
[BlackElo "2054"]
[PlyCount "87"]
[EventDate "2009.05.13"]

1. e4 d5 2. exd5 Nf6 3. d4 Bg4 4. Be2 Bxe2 5. Qxe2 Qxd5 6. Nf3 Nc6 7. O-O O-O-O
8. Be3 g5 9. c4 Qf5 10. d5 Ne5 11. Nxe5 Qxe5 12. Nc3 h5 13. f4 gxf4 14. Bxf4
Qxe2 15. Nxe2 Rg8 16. Rae1 Ng4 17. h3 e5 18. hxg4 Bc5+ 19. Kh2 exf4 20. gxh5
Rg4 21. Nxf4 Rdg8 22. g3 Rxg3 23. Re8+ Kd7 24. Rxg8 Rxg8 25. Kh3 Bd6 26. Ne2
Rg7 27. Rf3 a5 28. b3 Be5 29. Ng3 Bxg3 30. Rxg3 Rh7 31. Kg4 Kd6 32. Re3 Kc5 33.
Rh3 a4 34. Kg5 axb3 35. axb3 b5 36. Rh4 bxc4 37. bxc4 Kd6 38. h6 Kc5 39. Kh5
Kd6 40. Rg4 Rh8 41. Rg7 Ke7 42. h7 Kf6 43. Kh6 Re8 44. Rg2 1-0

[Event "8th Asian Continental/Individu"]
[Site "Subic Bay Free Port"]
[Date "2009.05.20"]
[Round "8.18"]
[White "Dang, Bich Ngoc"]
[Black "Docena, Jedara"]
[Result "1-0"]
[WhiteElo "2185"]
[BlackElo "1999"]
[PlyCount "147"]
[EventDate "2009.05.13"]

1. c4 d6 2. Nc3 e5 3. Nf3 f5 4. d4 e4 5. Ng5 Be7 6. h4 h6 7. Nh3 Bxh4 8. Nf4
Be7 9. Ng6 Rh7 10. e3 Be6 11. Nf4 Bf7 12. g4 g5 13. Nfd5 c6 14. Nxe7 Qxe7 15.
gxf5 Nf6 16. b3 Nbd7 17. Ba3 O-O-O 18. Qc2 Kb8 19. Bg2 Rc8 20. O-O-O h5 21. Kb1
h4 22. Rc1 g4 23. Ka1 h3 24. Bf1 Rh5 25. b4 Rxf5 26. Rh2 Nb6 27. Nd1 Rg8 28.
Rh1 Nfd7 29. c5 dxc5 30. bxc5 Nd5 31. Rb1 Ka8 32. Qa4 Nb8 33. Bc1 Nc7 34. Bd2
Nca6 35. Qc2 Bd5 36. Be1 Qf7 37. Be2 Rfg5 38. Nc3 Re8 39. Qb2 Rg7 40. Qc2 Qe6
41. Qa4 Rf8 42. Bf1 Qh6 43. Ne2 Qf6 44. Qc2 Qf7 45. Ng3 Re8 46. Be2 Nc7 47. Rh2
Nca6 48. Ba5 Rg5 49. Rg1 Qg7 50. Nf1 Bf7 51. Qb2 Bd5 52. Rhh1 Rf8 53. Be1 Nc7
54. Nh2 Be6 55. Qc2 Bf5 56. Qd1 Rg8 57. Rg3 Nd5 58. Bc4 Nd7 59. Kb1 N7f6 60.
Rgg1 Nh5 61. Bxd5 cxd5 62. Nf1 Qd7 63. Qb3 R5g6 64. Ka1 b6 65. Bb4 bxc5 66.
Bxc5 Rb8 67. Qc2 Qb5 68. Nd2 Qe2 69. Rb1 Qa6 70. Rxb8+ Kxb8 71. Rb1+ Ka8 72.
Qb3 Qc8 73. Qxd5+ Rc6 74. Bd6 1-0

[Event "8th Asian Continental/Individu"]
[Site "Subic Bay Free Port"]
[Date "2009.05.20"]
[Round "8.19"]
[White "Mendoza, Beverly"]
[Black "Guo, Qi"]
[Result "0-1"]
[WhiteElo "2045"]
[BlackElo "2147"]
[PlyCount "98"]
[EventDate "2009.05.13"]

1. e4 e6 2. d3 d5 3. Nd2 Nf6 4. Ngf3 b6 5. e5 Nfd7 6. d4 c5 7. c3 Ba6 8. Be2
Bxe2 9. Qxe2 Nc6 10. a3 f6 11. exf6 Qxf6 12. O-O Bd6 13. Re1 Nd8 14. Nf1 h6 15.
c4 O-O 16. cxd5 exd5 17. Ne3 Qf7 18. Qd1 c4 19. Bd2 Rc8 20. Qa4 Nf6 21. Nf5 Ne4
22. Nxd6 Nxd6 23. Bb4 b5 24. Qc2 N8b7 25. a4 Rfe8 26. Ne5 Qf6 27. Rad1 a5 28.
Bxd6 Nxd6 29. axb5 Nxb5 30. Qd2 Ra8 31. Re3 a4 32. Rde1 Nd6 33. Rf3 Qe6 34. Ra3
Ne4 35. Qc2 Qb6 36. Rd1 Rab8 37. Qxa4 Qxb2 38. Rf3 Nd2 39. Rf7 Rxe5 40. Rxg7+
Kxg7 41. Qd7+ Kf6 42. dxe5+ Qxe5 43. Qc6+ Kg7 44. Qd7+ Kh8 45. Qc6 Qg5 46. f4
Qxf4 47. Qxd5 c3 48. Qd3 Rc8 49. Qa6 Rf8 0-1

[Event "8th Asian Continental/Individu"]
[Site "Subic Bay Free Port"]
[Date "2009.05.20"]
[Round "8.20"]
[White "Lkhamsuren, Uuganbayar"]
[Black "Bernales, Christy Lamiel"]
[Result "1-0"]
[WhiteElo "2038"]
[BlackElo "2041"]
[PlyCount "125"]
[EventDate "2009.05.13"]

1. e4 e6 2. d4 d5 3. e5 c5 4. c3 Qb6 5. Nf3 Bd7 6. Bd3 Bb5 7. dxc5 Bxc5 8. O-O
Bxd3 9. Qxd3 Nc6 10. Na3 Rd8 11. b4 Be7 12. Nb5 a6 13. Nbd4 Nxd4 14. Nxd4 h5
15. f4 g6 16. Be3 Qc7 17. Nxe6 fxe6 18. Qxg6+ Kd7 19. f5 Qxe5 20. Bd4 Rh6 21.
Bxe5 Rxg6 22. fxg6 Nh6 23. h3 Rg8 24. Bf6 Bd6 25. g7 Nf5 26. Rfd1 Ke8 27. Re1
Kf7 28. Be5 Bxe5 29. Rxe5 Rxg7 30. Rae1 Rg6 31. R1e2 h4 32. a4 b6 33. Kh2 Rh6
34. Rf2 Rh5 35. Re3 Ke7 36. Rd3 Rg5 37. Rf4 Rh5 38. Rg4 Kf7 39. c4 d4 40. Rdxd4
Nxd4 41. Rxd4 Ke7 42. Kg1 e5 43. Re4 Ke6 44. Kf2 Kf5 45. Rg4 Rh7 46. Ke3 Rh8
47. Kf3 Rh7 48. c5 bxc5 49. bxc5 Rh6 50. Rc4 Rc6 51. Ke3 a5 52. Kf3 Rc7 53. c6
e4+ 54. Ke3 Ke5 55. Rxe4+ Kd5 56. Rxh4 Re7+ 57. Kf3 Kxc6 58. Rc4+ Kd5 59. Rf4
Kc5 60. g4 Rb7 61. g5 Rb3+ 62. Kg4 Rb1 63. g6 1-0

[Event "8th Asian Continental/Individu"]
[Site "Subic Bay Free Port"]
[Date "2009.05.21"]
[Round "9.1"]
[White "Swathi, Ghate"]
[Black "Zhang, Xiaowen"]
[Result "0-1"]
[WhiteElo "2330"]
[BlackElo "2340"]
[PlyCount "86"]
[EventDate "2009.05.13"]

1. e4 e6 2. d4 d5 3. Nc3 Nf6 4. e5 Nfd7 5. f4 c5 6. Nf3 Nc6 7. Be3 Be7 8. Qd2
O-O 9. dxc5 Bxc5 10. Bxc5 Nxc5 11. O-O-O Qa5 12. h4 Rb8 13. Rh3 b5 14. Rg3 Ne7
15. f5 Nxf5 16. Rxg7+ Nxg7 17. Qh6 f6 18. exf6 Nf5 19. Qg5+ Kh8 20. g4 Qd8 21.
gxf5 Qxf6 22. Qe3 Qxf5 23. Qxc5 Qxf3 24. Bxb5 Qf4+ 25. Kb1 a6 26. Rd4 Qf2 27.
Be2 Bb7 28. a3 e5 29. Rxd5 Bxd5 30. Qxd5 Qd4 31. Qc6 Qb6 32. Qxb6 Rxb6 33. b4
Rf2 34. Kb2 Rc6 35. Bd3 Rh2 36. a4 Rxh4 37. Kb3 Rd4 38. b5 axb5 39. axb5 Rb6
40. Ne2 Rxd3+ 41. cxd3 Rxb5+ 42. Kc4 Ra5 43. Ng3 Kg7 0-1

[Event "8th Asian Continental/Individu"]
[Site "Subic Bay Free Port"]
[Date "2009.05.21"]
[Round "9.2"]
[White "Huang, Qian"]
[Black "Ju, Wenjun"]
[Result "1/2-1/2"]
[WhiteElo "2410"]
[BlackElo "2454"]
[PlyCount "120"]
[EventDate "2009.05.13"]

1. d4 Nf6 2. c4 g6 3. Nc3 Bg7 4. e4 d6 5. Be2 O-O 6. Nf3 e5 7. O-O Nc6 8. d5
Ne7 9. b4 a5 10. bxa5 Rxa5 11. Nd2 c5 12. a4 Nd7 13. Nb5 Ra6 14. Ra3 f5 15.
exf5 gxf5 16. f4 exf4 17. Rxf4 Ng6 18. Rf1 Nde5 19. Nf3 f4 20. Nxe5 Bxe5 21.
Bg4 Qh4 22. Bxc8 Rxc8 23. Qf3 Qe7 24. Qg4 Rf8 25. g3 fxg3 26. Rxf8+ Qxf8 27.
hxg3 Ra8 28. Rf3 Qc8 29. Qe6+ Qxe6 30. dxe6 Rxa4 31. Bg5 Rxc4 32. e7 Nxe7 33.
Bxe7 Rc1+ 34. Kg2 Rd1 35. Nc7 c4 36. Ne6 h6 37. Rf8+ Kh7 38. Rc8 d5 39. Nf4 c3
40. Kf3 d4 41. Bb4 Bxf4 42. Kxf4 Rb1 43. Rc4 b5 44. Rc7+ Kg6 45. Rc6+ Kf7 46.
Bxc3 dxc3 47. Rxc3 b4 48. Rc7+ Ke8 49. Rb7 b3 50. Ke3 Kf8 51. Kd2 Kg8 52. Kc3
Rg1 53. g4 Rxg4 54. Kxb3 h5 55. Kc3 h4 56. Kd3 h3 57. Rb1 Kg7 58. Ke3 Kg6 59.
Rh1 Rg5 60. Kf4 Ra5 1/2-1/2

[Event "8th Asian Continental/Individu"]
[Site "Subic Bay Free Port"]
[Date "2009.05.21"]
[Round "9.3"]
[White "Ding, Yixin"]
[Black "Gu, Xiaobing"]
[Result "1/2-1/2"]
[WhiteElo "2281"]
[BlackElo "2336"]
[PlyCount "94"]
[EventDate "2009.05.13"]

1. e4 c5 2. Nf3 d6 3. d4 cxd4 4. Nxd4 Nf6 5. Nc3 Nc6 6. Be2 e5 7. Nf3 h6 8. O-O
Be7 9. Re1 O-O 10. h3 a6 11. Bf1 Qc7 12. b3 Nd4 13. Qd3 Nxf3+ 14. Qxf3 b5 15.
Bd2 Bb7 16. Bd3 Qd7 17. Rad1 Nh7 18. Qg3 Bg5 19. f4 exf4 20. Bxf4 Bxf4 21. Qxf4
Rae8 22. Ne2 Qe7 23. c4 Bxe4 24. Nd4 f5 25. cxb5 axb5 26. Bxb5 Ra8 27. Bc4+ Kh8
28. Ne6 Rfe8 29. Rxd6 Rxa2 30. Re2 Qa7+ 31. Kh2 Ra1 32. Qd2 Qb8 33. Nf4 Nf6 34.
Rf2 Ra7 35. Qd4 Kh7 36. Be6 Rc8 37. Qe5 Ra5 38. Qxa5 Qxd6 39. Bxf5+ g6 40. Bxe4
Nxe4 41. Qd5 Qe7 42. Rf3 g5 43. Qf5+ Kh8 44. Qg6 Rc7 45. Qxh6+ Kg8 46. Qg6+ Kh8
47. Qh6+ Kg8 1/2-1/2

[Event "8th Asian Continental/Individu"]
[Site "Subic Bay Free Port"]
[Date "2009.05.21"]
[Round "9.4"]
[White "Munguntuul, Batkhuyag"]
[Black "Tay, Li-Jin Jeslin"]
[Result "1-0"]
[WhiteElo "2440"]
[BlackElo "2068"]
[PlyCount "133"]
[EventDate "2009.05.13"]

1. e4 c5 2. Nf3 d6 3. d4 cxd4 4. Nxd4 Nf6 5. Nc3 a6 6. Be3 e5 7. Nb3 Be6 8. f3
Nbd7 9. g4 Nb6 10. g5 Nh5 11. Qd2 Be7 12. O-O-O Rc8 13. Rg1 O-O 14. Qf2 Nc4 15.
Bxc4 Rxc4 16. Kb1 Rc6 17. Nd5 Bxd5 18. exd5 Rc8 19. f4 Nxf4 20. Bxf4 exf4 21.
Qxf4 g6 22. Nd4 Qd7 23. h4 Bd8 24. Rh1 Bb6 25. h5 Bxd4 26. Rxd4 Rfe8 27. Qd2
Re5 28. Rdh4 Rce8 29. a3 R8e7 30. Rc4 Qf5 31. Qa5 Qxg5 32. hxg6 fxg6 33. Rc8+
Re8 34. Qc7 h5 35. Rxe8+ Rxe8 36. Qxd6 Kg7 37. Qc7+ Re7 38. Qc4 Qe5 39. Rd1 Rd7
40. d6 g5 41. Rd5 Qf6 42. Qc8 Qd8 43. Qc3+ Kg6 44. Qd3+ Kh6 45. Qd4 Qf8 46. Ka2
Qf4 47. Qh8+ Rh7 48. Qc8 Qf7 49. c4 Qd7 50. Qf8+ Kg6 51. Re5 Qf7 52. Qc8 Qd7
53. Qg8+ Rg7 54. Qd5 Kh6 55. c5 Qf7 56. Rxg5 Qxd5+ 57. Rxd5 Rd7 58. Kb3 h4 59.
Kb4 h3 60. Rd3 Kg5 61. Rxh3 Kf4 62. Ka5 Ke4 63. Kb6 Kd5 64. Rd3+ Kc4 65. Rd2 a5
66. c6 bxc6 67. Kxc6 1-0